MARC

LEADER 00000nam0a2200000 4500
001 316206
005 20231102002843.0
035 |a (RuTPU)RU\TPU\book\341644 
090 |a 316206 
100 |a 20160316d1982 km y0rusy50 ca 
101 0 |a rus 
102 |a RU 
105 |a y z 001zy 
200 1 |a Качественные методы теории динамических систем  |f Академия наук СССР (АН СССР), Дальневосточное отделение (ДВО), Институт автоматики и процессов управления (ИАПУ) ; под ред. А. П. Шапиро 
210 |a Владивосток  |c Изд-во ДВНЦ АН СССР  |d 1982 
215 |a 135 с. 
320 |a Библиогр. в конце ст. 
606 1 |a Динамические системы  |x Математические исследования  |x (математика)  |2 stltpush  |3 (RuTPU)RU\TPU\subj\9524  |9 36754 
610 1 |a математика 
610 1 |a динамика 
610 1 |a качественные методы 
610 1 |a дискретные динамические системы 
610 1 |a непрерывные динамические системы 
610 1 |a дифференциальные уравнения 
675 |a 517.938  |v 4 
702 1 |a Шапиро  |b А. П.  |4 340 
712 0 2 |a Академия наук СССР (АН СССР)  |b Дальневосточное отделение (ДВО)  |b Институт автоматики и процессов управления (ИАПУ)  |c (Владивосток)  |2 stltpush  |3 (RuTPU)RU\TPU\col\4503 
801 1 |a RU  |b 63413507  |c 20160316 
801 2 |a RU  |b 63413507  |c 20200203  |g RCR 
942 |c BK